Matador /

Un torero que se ha visto forzado a retirarse anticipadamente debido a una cogida, se da cuenta de que su obsesión por matar perdura, pero ahora sustituye a los toros por mujeres. Hacer el amor y matar justo en el último instante es lo más parecido al inefable placer de una tarde en la plaza de toro...

Descripción completa

Detalles Bibliográficos
Otros Autores: Almodovar, Pedro (Conductor)
Formato: VHS
Lenguaje:español
Publicado: España DVD Video 1986
Materias:

MARC

LEADER 00000cgm a2200000 a 4500
001 030736
003 UAHC_CL
005 20170803123242.0
008 111220b1986 sp 000 spa
040 |a UAHC_CL  |c UAHC_CL  |d UAHC_CL 
245 1 0 |a Matador /  |c Pedro Almodovar. 
260 |a España  |b DVD Video  |c 1986 
300 |a 102 min. 
520 |a Un torero que se ha visto forzado a retirarse anticipadamente debido a una cogida, se da cuenta de que su obsesión por matar perdura, pero ahora sustituye a los toros por mujeres. Hacer el amor y matar justo en el último instante es lo más parecido al inefable placer de una tarde en la plaza de toros. María es una mujer que experimenta unos deseos similares. Cuando el camino de ambos se cruza, la fusión de sus deseos les llevará a un trágico desenlace. 
650 4 |a CINE 
700 1 |a Almodovar, Pedro  |e dir. 
900 |a DVD-465 
942 |c VHS 
952 |0 0  |1 0  |4 0  |6 DVD_465  |7 0  |8 Referencia  |9 60104  |a BC  |b BC  |c Referencia  |d 2017-08-03  |l 0  |o DVD-465  |p 1391837  |r 2022-01-14 00:00:00  |t 1  |w 2017-08-03  |y DVD 
999 |c 30736  |d 30736